Southville International School and Colleges
Your cart is empty.
  • Cart
  • Lists
    Public lists Eva Luna New books Lux_list list_1
    Your lists Log in to create your own lists
  • Log in to your account
  • Your cookies
  • Search history
Southville International School and Colleges
  • Advanced search
  • Recent comments
  • Most popular
  • Libraries

Log in to your account

Log in with GOOGLE


If you do not have an external account, but do have a local account, you can still log in:

  1. Home
  2. MARC view: Female world hits (vol.1)
Normal view MARC view ISBD view

Female world hits (vol.1) (Record no. 109085)

[ view plain ]
MARC details
000 -LEADER
fixed length control field 00464nam a2200169 a 4500
005 - DATE AND TIME OF LATEST TRANSACTION
control field 20140414093837.0
008 - FIXED-LENGTH DATA ELEMENTS--GENERAL INFORMATION
fixed length control field 021220s19uu xx 00 eng d
050 ## - LIBRARY OF CONGRESS CALL NUMBER
Classification number VCD 780
Item number Con 1997
245 ## - TITLE STATEMENT
Title Female world hits (vol.1)
260 ## - PUBLICATION, DISTRIBUTION, ETC. (IMPRINT)
Place of publication, distribution, etc (Manila)
Name of publisher, distributor, etc De Concorde Recording Corp.
Date of publication, distribution, etc n.d.
300 ## - PHYSICAL DESCRIPTION
Extent v.1 ; tr.
500 ## - GENERAL NOTE
General note "Karaoke top hits #19"--Cover.
650 ## - SUBJECT ADDED ENTRY--TOPICAL TERM
Topical term or geographic name as entry element World hits (Female).
650 ## - SUBJECT ADDED ENTRY--TOPICAL TERM
Topical term or geographic name as entry element Top hits (Female)
942 ## - ADDED ENTRY ELEMENTS (KOHA)
Koha item type Audio Visual Materials
Holdings
Withdrawn status Lost status Damaged status Use restrictions Home library Current library Shelving location Date acquired Source of acquisition Cost, normal purchase price Total Checkouts Full call number Barcode Date last seen Price effective from Koha item type
        Luxembourg Library Luxembourg Library Audio Visual Material Section 12/20/2002   145.00   VCD 780 Con 1997 AV0683 04/14/2014 04/14/2014 Audio Visual Materials

Female world hits (vol.1)

APA

Female world hits (vol.1). (Manila): De Concorde Recording Corp.

Chicago

Female world hits (vol.1). (Manila): De Concorde Recording Corp.

Harvard

Female world hits (vol.1). (Manila): De Concorde Recording Corp.

MLA

(Manila): De Concorde Recording Corp. .

  • Place hold
  • Print
  • Cite
  • Add to your cart (remove)
  • Save record
    BIBTEX Dublin Core MARCXML MARC (non-Unicode/MARC-8) MARC (Unicode/UTF-8) MARC (Unicode/UTF-8, Standard) MODS (XML) RIS
  • More searches
    Search for this title in:
    Other Libraries (WorldCat) Other Databases (Google Scholar) Online Stores (Bookfinder.com) Open Library (openlibrary.org)

Exporting to Dublin Core...

SOUTHVILLE LIBRARY

Southville International School and Colleges Library

1281 Tropical Ave. Cor. Luxembourg St., BF Homes International, Las Pinas City

Tel. No. 8256374 / 252358 Loc. 117/146

Powered by Koha